Constitucionalismo y codificación en las provincias de Ultramar: la supervivencia de antiguo régimen en la España de siglo XIX

Wedi'i Gadw mewn:
Manylion Llyfryddiaeth
Prif Awdur: Alvarado, Javier (Awdur)
Fformat: Llyfr
Iaith:Sbaeneg
Cyhoeddwyd: Madrid, España Centro de Estudios Políticos y Constitucionales 2001
Cyfres:Colección de la Sociedad Política
Pynciau:
Tagiau: Ychwanegu Tag
Dim Tagiau, Byddwch y cyntaf i dagio'r cofnod hwn!

MARC

LEADER 00000nam a2200000 a 4500
001 UCI7981
003 CL-VaPUC
005 20210624225116.0
008 080731e20010000SP |||||||||||||||||spa|d
999 |c 331086  |d 331084 
020 |a 8425911656 
040 |c Pontificia Universidad Católica de Valparaíso 
082 0 4 |a 946 ALV 2001  |2 21 
100 0 |a Alvarado, Javier  |e author  |9 531423 
245 1 0 |a Constitucionalismo y codificación en las provincias de Ultramar:  |b  la supervivencia de antiguo régimen en la España de siglo XIX 
260 |a Madrid, España  |b Centro de Estudios Políticos y Constitucionales  |c 2001 
300 |a 344 páginas 
490 0 |a Colección de la Sociedad Política 
583 |a last modification  |c 20080731 00:00:00  |k Rodrigo Vera 
650 0 |a Constitucionalismo  |9 341373 
650 0 |a Historia de España  |y SIGLO 19  |9 315435 
650 0 |a Política y gobierno  |y SIGLO 19  |z ESPAÑA  |9 255151 
852 |a BIBCUR 
942 |c BK  |2 ddc 
945 |d 20080731 00:00:00  |a jtorresc 
952 |0 0  |1 0  |2 ddc  |4 0  |6 946_000000000000000_ALV_2001  |7 0  |8 A  |9 417200  |a BIBHIS  |b BIBHIS  |d 2019-11-22  |i 4467868  |o 946 ALV 2001  |p 4467868  |r 2025-01-20  |t 1  |w 2019-11-22  |y BK  |k HIS